|
|
|
|
| LEADER |
00000cam a2200000 7i4500 |
| 001 |
0000018249 |
| 005 |
20241127.0 |
| 008 |
170315 my # eng |
| 020 |
|
|
|a 9678914646 (pbk)
|
| 040 |
|
|
|a INS
|b eng
|e rda
|
| 090 |
0 |
0 |
|a KPG1035
|b .A28 2006
|
| 110 |
1 |
|
|a Malaysia
|
| 245 |
1 |
0 |
|a Akta bekalan elektrik 1990 (Akta 447), Akta Bekalan Elektrik (Syarikat pengganti) 1990 (Akta 448) & peraturan-peraturan (hingga 10hb April 2006)
|c disusun oleh Lembaga Penyelidikan Undang-Undang
|
| 264 |
|
1 |
|a Petaling Jaya :
|b International Law Books Services
|c 2006
|
| 300 |
|
|
|a 199 pages ;
|c 24 cm.
|
| 336 |
|
|
|a text
|2 rdacontent
|
| 337 |
|
|
|a unmediated
|2 rdamedia
|
| 338 |
|
|
|a volume
|2 carrier
|
| 650 |
0 |
0 |
|a Electric utilities
|x Law and Legislation
|z Malaysia
|
| 710 |
1 |
|
|a Lembaga Penyelidikan Undang-Undang
|
| 740 |
0 |
|
|a Undang-Undang Malaysia
|
| 999 |
|
|
|a 0000017820
|b BOOK
|c Acts
|e Default branch
|
| 999 |
|
|
|a 0000017913
|b BOOK
|c Acts
|e Default branch
|
| 999 |
|
|
|a 0000024500
|b BOOK
|c Acts
|e Default branch
|